[Event "Calvia op 1st"]
[Site "Calvia"]
[Date "2004.11.07"]
[Round "7"]
[White "Gonzalez Arribas, Vidal Alejandro"]
[Black "Ehlvest, Jaan"]
[Result "0-1"]
[WhiteElo "2261"]
[BlackElo "2631"]
[PlyCount "126"]
[EventDate "2004.11.01"]
[EventType "swiss"]
[EventRounds "9"]
[EventCountry "ESP"]
[SourceTitle "EXT 2005"]
[Source "ChessBase"]
[SourceDate "2004.11.15"]
[SourceVersion "1"]
[SourceVersionDate "2004.11.15"]
[SourceQuality "1"]

1. c4 e5 2. Nc3 Bb4 3. g3 Bxc3 4. bxc3 d6 5. Bg2 Nc6 6. d3 Nge7 7. Nf3 0-0 8. 0-0 b6 9. Qc2 f5 10. Bg5 Bd7 11. Nd2 Qe8 12. f4 Ng6 13. fxe5 dxe5 14. Be3 Rd8 15. c5 Nce7 16. cxb6 axb6 17. Bg5 Bc6 18. Bxc6 Qxc6 19. e4 f4 20. gxf4 exf4 21. d4 Rde8 22. Nf3 Nc8 23. e5 b5 24. a4 Nb6 25. axb5 Qxb5 26. Rab1 Qc6 27. c4 Ra8 28. Rb5 Ra3 29. Rc5 Qd7 30. d5 Rxf3 31. Rxf3 Nxe5 32. Rxf4 Nf3+ 33. Rxf3 Rxf3 34. Qe4 Rf7 35. Qe6 Qa4 36. Bh4 Qa1+ 37. Qe1 Qd4+ 38. Bf2 Qg4+ 39. Bg3 Nxc4 40. Qe8+ Rf8 41. Qe6+ Qxe6 42. dxe6 Ne3 43. Bf2 Nf5 44. Bg3 Nd4 45. e7 Re8 46. Rxc7 Nf5 47. Rc5 g6 48. Re5 Kf7 49. Be1 Rxe7 50. Rxe7+ Kxe7 51. Kg2 Ke6 52. h4 Nd4 53. Kh3 Kf5 54. Bd2 Ne2 55. Bg5 h5 56. Bd8 Kf4 57. Bg5+ Kf3 58. Bd8 Nf4+ 59. Kh2 Kg4 60. Kg1 Ne6 61. Bf6 Nc5 62. Kg2 Ne4 63. Be7 Ng3 0-1

[Event "Calvia op 1st"]
[Site "Calvia"]
[Date "2004.11.02"]
[Round "2"]
[White "Franco Ocampos, Zenon"]
[Black "Gonzalez Arribas, Vidal Alejandro"]
[Result "1-0"]
[WhiteElo "2526"]
[BlackElo "2261"]
[PlyCount "69"]
[EventDate "2004.11.01"]
[EventType "swiss"]
[EventRounds "9"]
[EventCountry "ESP"]
[SourceTitle "EXT 2005"]
[Source "ChessBase"]
[SourceDate "2004.11.15"]
[SourceVersion "1"]
[SourceVersionDate "2004.11.15"]
[SourceQuality "1"]

1. c4 e6 2. Nf3 d5 3. b3 Nf6 4. g3 Be7 5. Bg2 Nbd7 6. 0-0 0-0 7. Bb2 Re8 8. d4 b6 9. Qc2 Bb7 10. Nc3 c5 11. cxd5 Nxd5 12. Nxd5 Bxd5 13. e4 Bb7 14. Rad1 cxd4 15. Nxd4 Rc8 16. Qe2 a6 17. Bh3 Bf8 18. Rd2 Qe7 19. Rfd1 Nc5 20. Bg2 Qc7 21. h4 Qb8 22. h5 Qa8 23. f3 h6 24. Nc2 Red8 25. Bd4 Qb8 26. Kh2 e5 27. Bb2 Rxd2 28. Rxd2 Be7 29. Ne3 Bg5 30. Rd1 Bxe3 31. Qxe3 Qc7 32. Bh3 Rd8 33. Bxe5 Qe7 34. Rxd8+ Qxd8 35. Qd4 1-0